00384nam a22001457a 450000500170000002000230001703500120004003700130005210000160006524500680008125000100014926000440015930000190020370000160022220120519130030.0 a8178668165c325.00 aB-79370 aDPLbENG aMisra, S.K. aEconomic environment of business /cby S.K. Misra and V.K. Puri arprn. aMumbaibHimalaya Publishing Housec2004 a738p.c24 cms. aPuri, V.K.